Datum a čas kvízu
32
Celkem bodů
Celkový počet nahraných bodů na tomto kvízu bez doplňovacích otázek.
5.
Pořadí na kvízu
Konečné umístění týmu na tomto kvízu.
Zaznamenané odpovědi
| # | Otázka | Odpověď | Body | Výsledky |
|---|---|---|---|---|
| 1. | Symbolický poslední vozík s tu... | Lazy | 1 | |
| 2. | Prezident USA v úterý tradičně... | Butter (Máslo), Bread (Chléb) | 1 | |
| 3. | Část sbírek z jedné z nejslavn... | Zelená klenba (Grünes Gewölbe) | 0 | |
| 4. | Jak jste si jistě všimli, spol... | Zlatuška | 0 | |
| 5. | Biatlonová sezona byla zahájen... | Dorothea Wiererová | 1 | |
| 6. | V tomto tématu se podíváme na... | korunní lístek | 1 | |
| 7. | Tato britská indierocková kape... | Florence and the Machine | 1 | |
| 8. | Nestorka českého ženského teni... | Peschke | 1 | |
| 9. | Z následujících rostlin vybert... | D | 0 | |
| 10. | Zřejmě nejslavnější českou fil... | dědeček vycinkal | 1 |